All i-dle Songs (until Good Thing) - Statistics

General Stats
  • This quiz has been taken 41 times
    15 since last reset
  • The average score is 56 of 107
Answer Stats
Answer % Correct
$$$
100%
HWAA
100%
LATATA
100%
Oh My God
100%
QUEENCARD
100%
Super Lady
100%
Tomboy
100%
HANN (Alone)
92%
Hann (Alone in winter)
92%
Nxde
92%
ALLERGY
83%
Good Thing
83%
I DO
83%
I Want That
83%
Lion
83%
Senorita
83%
Uh-Oh
83%
Wife
83%
Dahlia
75%
Fate
75%
Klaxon
75%
My Bag
75%
Tall Trees
75%
Bonnie & Clyde
67%
Dark (X-file)
67%
DUMDi DUMDi
67%
Love
67%
Luv U
67%
Maze
67%
PETER PAN
67%
Sculpture
67%
7 Days
58%
ALL NIGHT
58%
Doll
58%
Escape
58%
Eyes Roll
58%
Flip It
58%
FREAK
58%
Lost
58%
Maybe
58%
Moon
58%
Neverland
58%
Never Stop Me
58%
Polaroid
58%
Rollie
58%
Villain Dies
58%
Where is love
58%
Already
50%
Bloom
50%
Change
50%
Drive
50%
Giant
50%
Her
50%
Last Dance
50%
Last Forever
50%
Liar
50%
Light My Fire
50%
LUCID
50%
PARADISE
50%
Put It Straight
50%
Revenge
50%
Tung-Tung (Empty)
50%
Vision
50%
What’s In Your House
50%
Abracadabra
42%
Beam Beam
42%
Blow Your Mind
42%
Chain
42%
Drink It Up (ft.pH-1)
42%
Everytime (With Minnie)
42%
For You
42%
Girlfriend
42%
Hear Me
42%
i’M THE TREND
42%
Love Tease
42%
Reset
42%
Rose
42%
What’s Your Name
42%
Cherry Sky
33%
Could It Be
33%
Don’t Text Me
33%
Give Me Your
33%
Is This Bad B****** Number? (feat. Bibi and Lee Young-ji)
33%
My Way
33%
Obsession (feat. Ten )
33%
Psycho
33%
Quit
33%
Red Rover
33%
Te Amo
33%
Unstoppable
33%
Weather
33%
Blind Eyes Red
25%
Charging (ft. Junny)
25%
Drive U Crazy (feat. Yuqi )
25%
If You Want
25%
Rain
25%
Softly
25%
Idle Song
17%
It’s Okay
17%
Jelly
17%
On Clap (ft.Lexie Liu)
17%
This Time Around (ft. Jennifer Lopez)
17%
Valentine’s Dream
17%
Where Do We Go
17%
Invincible
8%
NOBODY (with Winter, Liz)
8%
Farewell to the World
0%
No matching quizzes found
Score Distribution
Percent of People with Each Score
Percentile by Number Answered
Your Score History
You have not taken this quiz since the last reset